000 00884cam a2200253 a 4500
999 _c128853
_d128853
001 12000565
003 ARRUPE
005 20190130100114.0
008 000508s1999 mau 000 0 eng
010 _a 00265848
020 _a0316178314 (pbk.)
020 _a0316177911
040 _aDLC
_cDLC
_dDLC
050 0 0 _aBF441
_b.D385 1999
082 0 0 _a153.4/2
_221
100 1 _aDe Bono, Edward,
_d1933-
_944260
245 1 0 _aSix thinking hats /
_cEdward de Bono.
250 _a1st Back Bay pbk. ed., rev. and updated.
260 _aLondon :
_bPenguin Books,
_c1999.
300 _axiii, 177 p. ;
_c21 cm.
650 0 _aThought and thinking.
_96272
906 _a7
_bcbc
_corigcop
_d2
_encip
_f20
_gy-gencatlg
942 _2lcc
_cMONOGRAPH